00403 2200157 4500001002100000005001500021035002000036245004700056100001900103300002600122260004100148082000800189084001400197020002200211990001200233INLIS00000000000185520250515084050 a0010-05250001471 aBuku Pintar Kuasai Excel /cFathya Kautsar0 aFathya Kautsar a150 hlm ;c14 x 20 cm aYogyakarta :bChecklist Media,c2025 a600 a600 FAT b a978-623-8114-40-5 a0754825